Semanario político, histórico y literario de La Coruña (1809-1810) / (Record no. 188837)

MARC details
000 -LEADER
campo de control de longitud fija 01623nam a2200325 i 4500
001 - NÚMERO DE CONTROL
campo de control 188837
003 - IDENTIFICADOR DE NÚMERO DE CONTROL
campo de control SpMaBN
005 - FECHA Y HORA DE LA ÚLTIMA TRANSACCIÓN
campo de control 20250728094804.0
008 - DATOS DE LONGITUD FIJA--INFORMACIÓN GENERAL
campo de control de longitud fija 190218s1996 sp h |||| | spa d
020 ## - NÚMERO INTERNACIONAL ESTÁNDAR DEL LIBRO
Número Internacional Estándar del Libro 84-87819-91-5
080 ## - NÚMERO DE LA CLASIFICACIÓN DECIMAL UNIVERSAL
Número de la Clasificación Decimal Universal (051)
100 1# - ENTRADA PRINCIPAL--NOMBRE DE PERSONA
Nombre de persona Pardo de Andrade, Manuel.
9 (RLIN) 130834
245 10 - MENCIÓN DEL TÍTULO
Título Semanario político, histórico y literario de La Coruña (1809-1810) /
Mención de responsabilidad, etc. Manuel Pardo de Andrade ; selección e introducción de María Rosa Saurín de la Iglesia ; [presentación por José Filgueira Valverde].
250 ## - MENCION DE EDICION
Mención de edición Ed. facsímil.
260 ## - PUBLICACIÓN, DISTRIBUCIÓN, ETC.
Lugar de publicación, distribución, etc. [La Coruña] :
Nombre del editor, distribuidor, etc. Fundación Pedro Barrié de la Maza, Conde de Fenosa,
Fecha de publicación, distribución, etc. [1996]
300 ## - DESCRIPCIÓN FÍSICA
Extensión 2 v. (LV, 598 p.; [599]-1203 p.) ;
Dimensiones 23 cm.
490 1# - MENCIÓN DE SERIE
Mención de serie Ilustrados, sociólogos y economistas gallegos
505 8# - NOTA DE CONTENIDO CON FORMATO
Nota de contenido con formato Contiene: I ;
Título N. 1-n. 25 - II ;
-- N. 26-n. 51
534 ## - NOTA SOBRE LA VERSIÓN ORIGINAL
Frase introductoria Reprod. facs. de la publicación semanal:
Publicación, distribución, etc. del original La Coruña : Francisco Cándido Pérez Prieto, 1809-1810.
655 #7 - TERMINO DE INDIZACIÓN--GENERO/FORMA
Fuente del término tgfbne
9 (RLIN) 226495
Datos o término principal de género/forma Facsímiles
700 1# - ENTRADA AGREGADA--NOMBRE PERSONAL
Nombre de persona Saurín de la Iglesia, María Rosa.
9 (RLIN) 104010
700 1# - ENTRADA AGREGADA--NOMBRE PERSONAL
Nombre de persona Filgueira Valverde, José,
Fechas asociadas al nombre 1906-1996
9 (RLIN) 50833
710 2# - ENTRADA AGREGADA--NOMBRE DE ENTIDAD CORPORATIVA
Nombre de entidad corporativa o nombre de jurisdicción como elemento de entrada Fundación Pedro Barrié de la Maza, Conde de Fenosa
9 (RLIN) 176439
830 00 - PUNTO DE ACCESO ADICIONAL DE SERIE-TÍTULO UNIFORME
Título uniforme Ilustrados, sociólogos y economistas gallegos
9 (RLIN) 193139
852 ## - LOCALIZACIÓN
Ubicación ES-MaACL
Número de control de estantería A-14353
Designación de la unidad física v.1
itemnumber 195971
Sublocalización o colección R.151662
Ubicación en estantería Depósito 1
Signatura antigua Olim: N-7353
Donativo/Legado Donación: Fundación Barrié
852 ## - LOCALIZACIÓN
Ubicación ES-MaACL
Número de control de estantería A-14354
Designación de la unidad física v.2
itemnumber 200941
Sublocalización o colección R.151662
Ubicación en estantería Depósito 1
Signatura antigua Olim: N-7354
Donativo/Legado Donación: Fundación Barrié
914 ## - NOMBRE ENTIDAD DE DONANTE
Nombre de congreso/reunión o jurisdicción como elemento de entrada Fundación Pedro Barrié de la Maza, Conde de Fenosa
Unidad subordinada Donante
RLIN 176439
942 ## - ELEMENTOS DE ENTRADA SECUNDARIOS (KOHA)
Fuente del sistema de clasificación o colocación Clasificación decimal universal
Tipo de ítem Koha Libro impreso
Holdings
Estatus retirado Estado de pérdida Fuente del sistema de clasificación o colocación Estado de daño No para préstamo Biblioteca de origen Biblioteca actual Ubicación en estantería Fecha de adquisición Fuente de adquisición Enumeración/cronología de publicación seriada Total de préstamos Signatura topográfica completa Código de barras Visto por última vez Precio de reemplazo Tipo de ítem Koha
    Clasificación decimal universal     Biblioteca del Ateneo de Madrid Biblioteca del Ateneo de Madrid Depósito 1 18/02/2019 Donación v.1   A-14353 1199972 23/02/2023 23/02/2023 Libro impreso
    Clasificación decimal universal     Biblioteca del Ateneo de Madrid Biblioteca del Ateneo de Madrid Depósito 1 18/02/2019 Donación v.2   A-14354 101206219 30/12/2023 23/02/2023 Libro impreso